| 000 | 01207nam a22004570a 4500 | ||
|---|---|---|---|
| 001 | PT52223 | ||
| 003 | AR-LpoUNG | ||
| 005 | 20210131231459.0 | ||
| 008 | 191001s2007||||ag |||||||||||||||||spa d | ||
| 020 |
_a9789500728614 _c$37 |
||
| 040 |
_aAR-LpoUNG _bspa _cAR-LpoUNG _eaacr |
||
| 041 | _aspa | ||
| 044 | _aag | ||
| 082 | 0 | _a982.063 729dia | |
| 100 | 1 | _aPlotkin, Mariano Ben | |
| 245 | 1 | 3 |
_aEl día que se inventó el peronismo : _bla construcción del 17 de Octubre |
| 250 | _a1ra. ed. | ||
| 260 |
_aBuenos Aires : _bSudamericana, _c2007. |
||
| 300 |
_a217 p. : _bil., fot. |
||
| 650 | 4 | _aARGENTINA | |
| 650 | 4 | _aENSAYO | |
| 650 | 4 | _aGOLPES DE ESTADO | |
| 650 | 4 | _aHISTORIA | |
| 650 | 4 | _aHISTORIA POLITICA | |
| 650 | 4 | _aIDENTIDAD CULTURAL | |
| 650 | 4 | _aIDEOLOGIAS POLITICAS | |
| 650 | 4 | _aJEFES DE ESTADO | |
| 650 | 4 | _aMOVIMIENTOS OBREROS | |
| 650 | 4 | _aPARTIDOS POLITICOS | |
| 650 | 4 | _aPRESIDENCIA | |
| 650 | 4 | _aREPRESENTACION DE LOS TRABAJADORES | |
| 650 | 4 | _aSINDICALISMO | |
| 650 | 4 | _aSINDICATOS | |
| 650 | 4 | _aTRABAJADORES | |
| 651 | 4 | _aArgentina | |
| 653 | _aCGT | ||
| 653 | _aPERON, JUAN DOMINGO | ||
| 653 | _aPERONISMO | ||
| 905 | _a52223 | ||
| 942 | _cLIB | ||
| 999 |
_c10308 _d10308 |
||